000 00474nam a2200181Ia 4500
001 16197
005 20260306170252.0
008 260306t2021||||xx |||||||||||||| ||und||
041 _aESP
082 _a347.3
_bS84
100 _aStucchi Lopéz Raygada, Pierino,
_eAUT
245 0 _aManual de derecho del consumo aplicado a los servicios bancarios
260 _c2021
300 _a166 páginas :
_c20 cm.
650 _aGEN
654 _aCDE
942 _cLIB
_dJUS
_fJUS
_2ddc
_n
999 _c16197
_d16197